000 00659nam a2200241Ia 4500
005 20260430150425.0
008 008 250103s9999 xx 000 0 eng d
037 _aTheses
040 _aCRL
040 _beng
040 _ceng
041 _2eng
041 _aeng
084 _qCRL
100 _aAnchal Au.; Goel Manisha Gu.
_91237461
245 0 _aIn Silico Analysis and Functional Characterization of Archaeal FKBP
260 _c2023
300 _a278p.
650 _aBiophysics
700 _aUniversity of Delhi. Faculty of Inter- Disciplinary & Applied Science. Deptt. of Biophysics
_91237462
942 _cTH
999 _c1849747
_d1849747